Normal view
MARC view
- Sampson, Geoffrey
Entry Personal Name
001 - CONTROL NUMBER
- control field: 41404
003 - CONTROL NUMBER IDENTIFIER
- control field: OSt
005 - DATE AND TIME OF LATEST TRANSACTION
- control field: 20161010144726.0
008 - FIXED-LENGTH DATA ELEMENTS
- fixed length control field: 161010|| aca||aabn | a|a d
040 ## - CATALOGING SOURCE
- Original cataloging agency: OSt
100 1# - HEADING--PERSONAL NAME
- Personal name: Sampson, Geoffrey
400 ## - SEE FROM TRACING--PERSONAL NAME
- Personal name: G. R. S.
- Fuller form of name: (Geoffrey Richard Sampson)